Normal view MARC view

Entry Corporate Name

Number of records used in: 3

001 - CONTROL NUMBER

  • control field: 63626

003 - CONTROL NUMBER IDENTIFIER

  • control field: dpl

005 - DATE AND TIME OF LATEST TRANSACTION

  • control field: 20240320114356.0

008 - FIXED-LENGTH DATA ELEMENTS

  • fixed length control field: 240320|| aca||aabn | a|a d

040 ## - CATALOGING SOURCE

  • Original cataloging agency: dpl
  • Transcribing agency: dpl

110 ## - HEADING--CORPORATE NAME

  • Corporate name or jurisdiction name as entry element: गोपीनाथ श्रीवास्तव [संपादक]

670 ## - SOURCE DATA FOUND

  • Source citation: Work cat.: (dpl)201625: सामयिक प्रशासनिक कोश/, 2023

© Delhi Public Library
Hit Counter
free hit counter